5HLuxD.jpg

KING HENRY VIII SENIOR AND PRIMARY SCHOOL LIBRARY OPAC

The trials of Apollo: (Record no. 3541)

000 -LEADER
fixed length control field 01098cam a2200301 i 4500
001 - CONTROL NUMBER
control field 1013309073505912
003 - CONTROL NUMBER IDENTIFIER
control field OSt
005 - DATE AND TIME OF LATEST TRANSACTION
control field 20240220103541.0
008 - FIXED-LENGTH DATA ELEMENTS--GENERAL INFORMATION
fixed length control field 160115m20179999caub c 000 1 eng
020 ## - INTERNATIONAL STANDARD BOOK NUMBER
International Standard Book Number 9780141364056
Qualifying information (paperback : v. 4)
040 ## - CATALOGING SOURCE
Original cataloging agency TKU
Language of cataloging eng
Description conventions rda
Transcribing agency TKU
Modifying agency KH8
042 ## - AUTHENTICATION CODE
Authentication code nbic
082 00 - DEWEY DECIMAL CLASSIFICATION NUMBER
Classification number FIC RIO
Edition number 23
100 1# - MAIN ENTRY--PERSONAL NAME
Personal name Riordan, Rick,
Relator term author.
245 14 - TITLE STATEMENT
Title The trials of Apollo:
Remainder of title the tyrant's tomb /
Statement of responsibility, etc. Rick Riodan.
264 #1 - PRODUCTION, PUBLICATION, DISTRIBUTION, MANUFACTURE, AND COPYRIGHT NOTICE
Place of production, publication, distribution, manufacture London :
Name of producer, publisher, distributor, manufacturer Puffin Books,
Date of production, publication, distribution, manufacture, or copyright notice 2017-
300 ## - PHYSICAL DESCRIPTION
Extent 439 pages :
Other physical details illustration ;
Dimensions 20 cm.
336 ## - CONTENT TYPE
Content type term text
Content type code txt
Source rdacontent.
337 ## - MEDIA TYPE
Media type term unmediated
Media type code n
Source rdamedia.
338 ## - CARRIER TYPE
Carrier type term volume
Carrier type code nc
Source rdacarrier.
505 00 - FORMATTED CONTENTS NOTE
Miscellaneous information [v. 1].
Title The hidden oracle /
Statement of responsibility 2017 --
Miscellaneous information [v. 2].
Title The dark prophecy /
Statement of responsibility 2018 --
Miscellaneous information [v. 3].
Title The burning maze /
Statement of responsibility 2019 --
Miscellaneous information [v. 4].
Title The tyrant's tomb /
Statement of responsibility 2019 --
Miscellaneous information [v. 5].
Title The tower of nero /
Statement of responsibility 2020.
600 00 - SUBJECT ADDED ENTRY--PERSONAL NAME
Personal name Apollo
Titles and other words associated with a name (Deity)
Form subdivision Fiction.
650 #0 - SUBJECT ADDED ENTRY--TOPICAL TERM
Topical term or geographic name entry element Delphian oracle
Form subdivision Fiction.
650 #0 - SUBJECT ADDED ENTRY--TOPICAL TERM
Topical term or geographic name entry element Quests (Expeditions)
Form subdivision Fiction.
650 #0 - SUBJECT ADDED ENTRY--TOPICAL TERM
Topical term or geographic name entry element Gods, Greek
Form subdivision Fiction.
650 #0 - SUBJECT ADDED ENTRY--TOPICAL TERM
Topical term or geographic name entry element Mythology, Greek
Form subdivision Fiction.
942 ## - ADDED ENTRY ELEMENTS (KOHA)
Source of classification or shelving scheme
Koha item type Books - Fiction
Holdings
Withdrawn status Lost status Source of classification or shelving scheme Damaged status Not for loan Collection code Permanent Location Current Location Shelving location Date acquired Total Checkouts Full call number Barcode Date last seen Date last checked out Price effective from Koha item type
          Fiction KH8 Senior School Library KH8 Senior School Library Fiction 2024-02-20 1 FIC RIO 3KHSL000102034 2024-12-12 2024-06-10 2024-02-20 Books - Fiction

Powered By KH8 IT Dept